The Diabetes Seafood Cookbook : (Record no. 603106)

MARC details
000 -LEADER
fixed length control field 00497nam a2200193 a 4500
001 - CONTROL NUMBER
control field 1765978162608
003 - CONTROL NUMBER IDENTIFIER
control field ACL
005 - DATE AND TIME OF LATEST TRANSACTION
control field 20251217190123.0
008 - FIXED-LENGTH DATA ELEMENTS--GENERAL INFORMATION
fixed length control field 251217s2009##################000#0#eng##
020 ## - INTERNATIONAL STANDARD BOOK NUMBER
International Standard Book Number 9781580403023
082 04 - DEWEY DECIMAL CLASSIFICATION NUMBER
Classification number 641.56314
Item number SEL
040 ## - CATALOGING SOURCE
Original cataloging agency ACL
Language of cataloging eng
Transcribing agency ACL
100 1# - MAIN ENTRY--PERSONAL NAME
Personal name Seelig-Brown, Barbara,
Relator term author.
245 10 - TITLE STATEMENT
Title The Diabetes Seafood Cookbook :
260 ## - PUBLICATION, DISTRIBUTION, ETC.
Name of publisher, distributor, etc. American Diabetes Association,
Date of publication, distribution, etc. 2009.
300 ## - PHYSICAL DESCRIPTION
Extent 194 pages
650 #0 - SUBJECT ADDED ENTRY--TOPICAL TERM
Topical term or geographic name entry element Cooking.
942 ## - ADDED ENTRY ELEMENTS (KOHA)
Koha item type English Books
Holdings
Withdrawn status Lost status Damaged status Not for loan Home library Current library Shelving location Date acquired Total Checkouts Full call number Barcode Date last seen Price effective from Koha item type
        Anna Centenary Library Anna Centenary Library 6TH FLOOR, A WING 17.12.2025   641.56314 SEL 472646 09.02.2026 17.12.2025 English Books

Find us on the map